Social origins of dictatorship and democracy : Lord and peasant in the making of the modern world

A landmark in comparative history and a challenge to scholars of all lands who are trying to learn how we arrived at where we are now. Lord and Peasant in the Making of the Modern World

Сохранить в:
Библиографические подробности
Главный автор: Moore, Barrington
Формат:
Язык:Undetermined
Опубликовано: London Penguin 1967
Предметы:
Метки: Добавить метку
Нет меток, Требуется 1-ая метка записи!
Thư viện lưu trữ: Trung tâm Học liệu Trường Đại học Cần Thơ
LEADER 00838nam a2200217Ia 4500
001 CTU_108385
008 210402s9999 xx 000 0 und d
082 |a 309 
082 |b M821 
100 |a Moore, Barrington 
245 0 |a Social origins of dictatorship and democracy : 
245 0 |b Lord and peasant in the making of the modern world 
245 0 |c Barrington Moore 
260 |a London 
260 |b Penguin 
260 |c 1967 
520 |a A landmark in comparative history and a challenge to scholars of all lands who are trying to learn how we arrived at where we are now. Lord and Peasant in the Making of the Modern World 
650 |a Social history,Economic history,Revolutions,Social classes,Politics and government 
650 |z Asia 
904 |i Hiếu 
980 |a Trung tâm Học liệu Trường Đại học Cần Thơ